000 00369nam a2200145Ia 4500
008 230917s9999||||xx |||||||||||||| ||und||
040 _e126239
_aMAIN
041 _aEnglish
082 _a327.54073 D451P
100 _aDesai, Shanti Kumar
245 0 _aPerspectives on Indo - US relations
260 _aNew Delhi
_bCyber Tech
_c2006
300 _a197 p.
942 _cBK
999 _c131034
_d131034